00770nam a2200229 a 450000100060000000300080000600500170001400800410003103500190007203500140009104000320010504100080013708200250014510000300017024500480020026000410024830000270028965000500031694200120036699900170037895201450039521521BD-RjUL20211209000709.0140304s1956 pk 000 0 eng d a(BD-RjUL)21585 a(BD-RjUL) aANLbengcANLdSSLdBD-RjUL aeng04a891.551009bSAP 19561 aSadarangani, H. I.96646510aPersian poets of Sind /c H. I. Sadarangani aKarachi :bSindhi Adabi Board,c1956 all,319p. [26] ;c22cm. 0aPersian poetryxHistory and criticism.966466 2ddccBK c21521d21521 00102ddc40728NFICaRUCLbRUCLcStackd1958-05-16ePaper Book Cog20.00l0o891.551009 SAP 1956r2014-03-04 00:00:00tC-2w2021-12-09yBK